<?xml version="1.0" encoding="UTF-8"?>
<record
    xmlns:xsi="http://www.w3.org/2001/XMLSchema-instance"
    xsi:schemaLocation="http://www.loc.gov/MARC21/slim http://www.loc.gov/standards/marcxml/schema/MARC21slim.xsd"
    xmlns="http://www.loc.gov/MARC21/slim">

  <leader>01654nam a2200373 a 4500</leader>
  <controlfield tag="005">20240423125041.0</controlfield>
  <controlfield tag="008">100503s2007||||ag a   f |||| 00| 0 spa d</controlfield>
  <datafield tag="020" ind1=" " ind2=" ">
    <subfield code="a">9789500603287</subfield>
  </datafield>
  <datafield tag="041" ind1=" " ind2=" ">
    <subfield code="a">spa</subfield>
  </datafield>
  <datafield tag="092" ind1=" " ind2=" ">
    <subfield code="c">616.8</subfield>
    <subfield code="l">10</subfield>
    <subfield code="s">CAR</subfield>
  </datafield>
  <datafield tag="100" ind1="1" ind2=" ">
    <subfield code="a">Cardinali, Daniel P.</subfield>
    <subfield code="9">254</subfield>
  </datafield>
  <datafield tag="245" ind1=" " ind2=" ">
    <subfield code="a">Neurociencia aplicada.</subfield>
    <subfield code="b">Sus fundamentos /</subfield>
    <subfield code="c">Daniel P. Cardinali</subfield>
  </datafield>
  <datafield tag="250" ind1=" " ind2=" ">
    <subfield code="a">1a ed.</subfield>
    <subfield code="b">Ilustrado por Walter Garc&#xED;a</subfield>
  </datafield>
  <datafield tag="260" ind1=" " ind2=" ">
    <subfield code="a">Buenos Aires: </subfield>
    <subfield code="b">Editorial M&#xE9;dica Panamericana;</subfield>
    <subfield code="c">2007.</subfield>
  </datafield>
  <datafield tag="300" ind1=" " ind2=" ">
    <subfield code="a">528 p.</subfield>
    <subfield code="b">il.</subfield>
    <subfield code="c">28x20 cm.</subfield>
  </datafield>
  <datafield tag="500" ind1=" " ind2=" ">
    <subfield code="a">Cardinali, D. P. (2007). Neurociencia aplicada. Sus fundamentos. (1a ed.). Buenos Aires : Editorial M&#xE9;dica Panamericana.</subfield>
  </datafield>
  <datafield tag="653" ind1=" " ind2=" ">
    <subfield code="a">Biolog&#xED;a de las c&#xE9;lulas nerviosas</subfield>
  </datafield>
  <datafield tag="653" ind1=" " ind2=" ">
    <subfield code="a">Generaci&#xF3;n y conducci&#xF3;n de potenciales en el sistema nervioso</subfield>
  </datafield>
  <datafield tag="653" ind1=" " ind2=" ">
    <subfield code="a">Transmisi&#xF3;n sin&#xE1;ptica</subfield>
  </datafield>
  <datafield tag="653" ind1=" " ind2=" ">
    <subfield code="a">Fisiolog&#xED;a del sistema somatosensorial</subfield>
  </datafield>
  <datafield tag="653" ind1=" " ind2=" ">
    <subfield code="a">Fisiolog&#xED;a de la visi&#xF3;n</subfield>
  </datafield>
  <datafield tag="653" ind1=" " ind2=" ">
    <subfield code="a">Fisiolog&#xED;a de la audici&#xF3;n, del gusto y del olfato</subfield>
  </datafield>
  <datafield tag="653" ind1=" " ind2=" ">
    <subfield code="a">Fisiolog&#xED;a muscular</subfield>
  </datafield>
  <datafield tag="653" ind1=" " ind2=" ">
    <subfield code="a">Organizaci&#xF3;n funcional del sistema motor</subfield>
  </datafield>
  <datafield tag="653" ind1=" " ind2=" ">
    <subfield code="a">M&#xE9;dula espinal y reflejos musculares. Tono muscular</subfield>
  </datafield>
  <datafield tag="653" ind1=" " ind2=" ">
    <subfield code="a">Control de la postura y equilibrio. Generacion del movimiento</subfield>
  </datafield>
  <datafield tag="653" ind1=" " ind2=" ">
    <subfield code="a">Fisiolog&#xED;a del cerebelo y de los ganglios basales</subfield>
  </datafield>
  <datafield tag="653" ind1=" " ind2=" ">
    <subfield code="a">Tronco encef&#xE1;lico y la formaci&#xF3;n reticular</subfield>
  </datafield>
  <datafield tag="653" ind1=" " ind2=" ">
    <subfield code="a">Sistema nervioso aut&#xF3;nomo</subfield>
  </datafield>
  <datafield tag="653" ind1=" " ind2=" ">
    <subfield code="a">Fisiolog&#xED;a del hipot&#xE1;lamo y del sistema l&#xED;mbico</subfield>
  </datafield>
  <datafield tag="653" ind1=" " ind2=" ">
    <subfield code="a">Correlatos electrofisiol&#xF3;gicos de la actividad cortical. Fisiolog&#xED;a del sue&#xF1;o</subfield>
  </datafield>
  <datafield tag="653" ind1=" " ind2=" ">
    <subfield code="a">Corteza cerebral: &#xE1;reas de asociaci&#xF3;n. Cognici&#xF3;n. Memoria</subfield>
  </datafield>
  <datafield tag="942" ind1=" " ind2=" ">
    <subfield code="2">ddc</subfield>
    <subfield code="c">BK</subfield>
  </datafield>
  <datafield tag="999" ind1=" " ind2=" ">
    <subfield code="c">1386</subfield>
    <subfield code="d">1386</subfield>
  </datafield>
  <datafield tag="952" ind1=" " ind2=" ">
    <subfield code="0">0</subfield>
    <subfield code="1">0</subfield>
    <subfield code="2">ddc</subfield>
    <subfield code="4">0</subfield>
    <subfield code="7">0</subfield>
    <subfield code="8">REF</subfield>
    <subfield code="a">BFM</subfield>
    <subfield code="b">BFM</subfield>
    <subfield code="c">REF</subfield>
    <subfield code="d">2013-05-10</subfield>
    <subfield code="g">306.00</subfield>
    <subfield code="l">42</subfield>
    <subfield code="m">2</subfield>
    <subfield code="o">616.8 10 CAR</subfield>
    <subfield code="p">2855</subfield>
    <subfield code="r">2025-05-06</subfield>
    <subfield code="s">2025-05-05</subfield>
    <subfield code="t">ej.1</subfield>
    <subfield code="w">2013-05-10</subfield>
    <subfield code="y">REF</subfield>
    <subfield code="z">LIBRO DE CONSULTA. COMPRA PROMED 2DO A&#xD1;O. Mayo 2013. Sede Tordos.</subfield>
    <subfield code="f"></subfield>
  </datafield>
  <datafield tag="952" ind1=" " ind2=" ">
    <subfield code="0">0</subfield>
    <subfield code="1">0</subfield>
    <subfield code="2">ddc</subfield>
    <subfield code="4">0</subfield>
    <subfield code="7">0</subfield>
    <subfield code="a">BFM</subfield>
    <subfield code="b">BFM</subfield>
    <subfield code="c">CR</subfield>
    <subfield code="d">2013-05-10</subfield>
    <subfield code="g">306.00</subfield>
    <subfield code="l">148</subfield>
    <subfield code="m">15</subfield>
    <subfield code="o">616.8 10 CAR</subfield>
    <subfield code="p">2856</subfield>
    <subfield code="r">2026-06-05</subfield>
    <subfield code="s">2026-06-02</subfield>
    <subfield code="t">ej.2</subfield>
    <subfield code="w">2013-05-10</subfield>
    <subfield code="y">BK</subfield>
    <subfield code="z">COMPRA PROMED 2DO A&#xD1;O. Mayo 2013. Sede Tordos.</subfield>
    <subfield code="f"></subfield>
  </datafield>
  <datafield tag="952" ind1=" " ind2=" ">
    <subfield code="0">0</subfield>
    <subfield code="1">0</subfield>
    <subfield code="2">ddc</subfield>
    <subfield code="4">0</subfield>
    <subfield code="7">0</subfield>
    <subfield code="a">BFM</subfield>
    <subfield code="b">BFM</subfield>
    <subfield code="c">CR</subfield>
    <subfield code="d">2013-05-10</subfield>
    <subfield code="g">306.00</subfield>
    <subfield code="l">145</subfield>
    <subfield code="m">20</subfield>
    <subfield code="o">616.8 10 CAR</subfield>
    <subfield code="p">2857</subfield>
    <subfield code="r">2026-02-18</subfield>
    <subfield code="s">2025-12-02</subfield>
    <subfield code="t">ej.3</subfield>
    <subfield code="w">2013-05-10</subfield>
    <subfield code="y">BK</subfield>
    <subfield code="z">COMPRA PROMED 2DO A&#xD1;O. Mayo 2013. Sede Tordos.</subfield>
    <subfield code="f"></subfield>
  </datafield>
  <datafield tag="952" ind1=" " ind2=" ">
    <subfield code="0">0</subfield>
    <subfield code="1">0</subfield>
    <subfield code="2">ddc</subfield>
    <subfield code="4">0</subfield>
    <subfield code="7">0</subfield>
    <subfield code="a">BFM</subfield>
    <subfield code="b">BFM</subfield>
    <subfield code="c">CR</subfield>
    <subfield code="d">2013-06-14</subfield>
    <subfield code="g">360.00</subfield>
    <subfield code="l">138</subfield>
    <subfield code="m">19</subfield>
    <subfield code="o">616.8 10 CAR</subfield>
    <subfield code="p">2958</subfield>
    <subfield code="r">2026-03-04</subfield>
    <subfield code="s">2026-02-18</subfield>
    <subfield code="t">ej.4</subfield>
    <subfield code="w">2013-06-14</subfield>
    <subfield code="y">BK</subfield>
    <subfield code="z">COMPRA PROMED 2DO A&#xD1;O. Junio 2013. Sede Tordos. </subfield>
    <subfield code="f"></subfield>
  </datafield>
  <datafield tag="952" ind1=" " ind2=" ">
    <subfield code="0">0</subfield>
    <subfield code="1">0</subfield>
    <subfield code="2">ddc</subfield>
    <subfield code="4">0</subfield>
    <subfield code="7">0</subfield>
    <subfield code="a">BFM</subfield>
    <subfield code="b">BFM</subfield>
    <subfield code="c">CR</subfield>
    <subfield code="d">2013-06-14</subfield>
    <subfield code="g">360.00</subfield>
    <subfield code="l">144</subfield>
    <subfield code="m">23</subfield>
    <subfield code="o">616.8 10 CAR</subfield>
    <subfield code="p">2959</subfield>
    <subfield code="r">2025-11-28</subfield>
    <subfield code="s">2025-11-14</subfield>
    <subfield code="t">ej.5</subfield>
    <subfield code="w">2013-06-14</subfield>
    <subfield code="y">BK</subfield>
    <subfield code="z">COMPRA PROMED 2DO A&#xD1;O. Junio 2013. Sede Tordos.</subfield>
    <subfield code="f"></subfield>
  </datafield>
  <datafield tag="952" ind1=" " ind2=" ">
    <subfield code="0">0</subfield>
    <subfield code="1">0</subfield>
    <subfield code="2">ddc</subfield>
    <subfield code="4">0</subfield>
    <subfield code="7">0</subfield>
    <subfield code="a">BFM</subfield>
    <subfield code="b">BFM</subfield>
    <subfield code="c">CR</subfield>
    <subfield code="d">2013-06-14</subfield>
    <subfield code="g">360.00</subfield>
    <subfield code="l">119</subfield>
    <subfield code="m">10</subfield>
    <subfield code="o">616.8 10 CAR</subfield>
    <subfield code="p">2960</subfield>
    <subfield code="r">2025-09-03</subfield>
    <subfield code="s">2025-08-26</subfield>
    <subfield code="t">ej.6</subfield>
    <subfield code="w">2013-06-14</subfield>
    <subfield code="y">BK</subfield>
    <subfield code="z">COMPRA PROMED 2DO A&#xD1;O. Junio 2013</subfield>
  </datafield>
  <datafield tag="952" ind1=" " ind2=" ">
    <subfield code="0">0</subfield>
    <subfield code="1">0</subfield>
    <subfield code="2">ddc</subfield>
    <subfield code="4">0</subfield>
    <subfield code="7">0</subfield>
    <subfield code="8">REF</subfield>
    <subfield code="a">BFM</subfield>
    <subfield code="b">BFM</subfield>
    <subfield code="c">REF</subfield>
    <subfield code="d">2013-06-14</subfield>
    <subfield code="g">360.00</subfield>
    <subfield code="l">5</subfield>
    <subfield code="m">9</subfield>
    <subfield code="o">616.8 10 CAR</subfield>
    <subfield code="p">2961</subfield>
    <subfield code="q">2029-03-01</subfield>
    <subfield code="r">2014-11-06</subfield>
    <subfield code="s">2013-12-03</subfield>
    <subfield code="t">ej.7</subfield>
    <subfield code="w">2013-06-14</subfield>
    <subfield code="y">REF</subfield>
    <subfield code="z">LIBRO DE CATEDRA. COMPRA PROMED 2DO A&#xD1;O. Junio 2013</subfield>
  </datafield>
  <datafield tag="952" ind1=" " ind2=" ">
    <subfield code="0">0</subfield>
    <subfield code="1">0</subfield>
    <subfield code="2">ddc</subfield>
    <subfield code="4">0</subfield>
    <subfield code="7">0</subfield>
    <subfield code="8">NFIC</subfield>
    <subfield code="a">BFM</subfield>
    <subfield code="b">BFM</subfield>
    <subfield code="c">CR</subfield>
    <subfield code="d">2021-03-26</subfield>
    <subfield code="e">Donacion</subfield>
    <subfield code="l">34</subfield>
    <subfield code="m">6</subfield>
    <subfield code="o">616.8 10 CAR</subfield>
    <subfield code="p">4664</subfield>
    <subfield code="r">2026-03-19</subfield>
    <subfield code="s">2026-03-12</subfield>
    <subfield code="t">Ej. 8</subfield>
    <subfield code="w">2021-03-26</subfield>
    <subfield code="y">BK</subfield>
    <subfield code="z">Donacion Dra. Polini</subfield>
  </datafield>
</record>
